Tuan ibarat songket berkilau : kumpulan pantun dan madah

Bibliographic Details
Main Author: T.Alias Taib
Format: Book
Published: Selangor : Oscar Book International , 2005
Series:Siri bacaan sastera terpilih
Subjects:

MARC

LEADER 00000cam a2200000 7i4500
001 0000014830
005 20080306.0
008 080306
020 |a 9679416534 
090 0 0 |a 899.231   |b TAL 
100 0 |a T.Alias Taib 
245 1 0 |a Tuan ibarat songket berkilau :   |b kumpulan pantun dan madah   |c T.Alias Taib 
260 |a Selangor :   |b Oscar Book International ,   |c 2005 
440 |a Siri bacaan sastera terpilih 
650 0 |a Malay poetry 
650 0 |a Pantun 
999 |a 0000904382   |b Book   |c Adult Collection   |e Cawangan Bandar Tenggara 
999 |a 0000904383   |b Book   |c Adult Collection   |e Cawangan Bandar Tenggara 
999 |a 0000904384   |b Book   |c Adult Collection   |e Cawangan Bandar Tenggara 
999 |a 0001016067   |b Book   |c Adult Collection   |e Perbadanan Perpustakaan Awam Johor 
999 |a 0001016068   |b Book   |c Adult Collection   |e Perbadanan Perpustakaan Awam Johor 
999 |a 0001016069   |b Book   |c Adult Collection   |e Perbadanan Perpustakaan Awam Johor 
999 |a 0001016070   |b Book   |c Adult Collection   |e Perbadanan Perpustakaan Awam Johor 
999 |a 0001016227   |b Book   |c Adult Collection   |e Perbadanan Perpustakaan Awam Johor